00938 2200349 4500001002100000005001500021035002000036007000300056040001700059100003100076245006900107250001000176300003600186041000800222082000800230084001400238090002200252264003600274336002100310337003000331338002300361650001000384850001000394008004100404020002200445500002700467700003000494990001600524990001600540990001600556990001600572INLIS00000000000613320260419124015 a0010-0322000377ta aSBPUPADbind0 aGatot SupramonoePengarang1 aHukum Orang Asing Di Indonesia /cGatot Supramono;Editor,Tarmizi aCet 2 axii,220 hal. :bIllus. ;c23 cm0 aind a342 a342 GAT h a371.12 AZI k 6-10 aJakarta :bSinar Grafika,c2014 2rdacontentaTeks 2rdamediaaTanpa Perantara 2rdacarrieravolume 4aHukum aPUPAD260419 0  a978-979-007-468-2 aProfil Penulis,hlm 217 aEditor,TarmiziePengarang a14698/BR/14 a14699/BR/14 a14697/BR/14 a14696/BR/14